| 000 | 02133cam a22003011 4500 | ||
|---|---|---|---|
| 001 | 24552 | ||
| 003 | BD-RjUL | ||
| 005 | 20211209001051.0 | ||
| 008 | 140313s1962 enk2.16.256 xx 000 0 eng | ||
| 020 | _a0836920104 | ||
| 035 | _a(BD-RjUL)24619 | ||
| 035 | _a(OCoLC)1060813 | ||
| 040 |
_aDLC _cOCU _dOCoLC _dDLC _dEssays presented to sir Lewis Namier _beng |
||
| 041 | _aeng | ||
| 082 |
_a320.9 _bESS |
||
| 100 | 1 |
_aPares, Richard, _d1902-1958, _975562 |
|
| 245 | 0 | 0 |
_aEssays presented to Sir Lewis Namier / _cEdited by Richard Pares and Alan J. P. Taylor. |
| 260 |
_aLondon ; _bMacmillan ; _aNew York : _bSt. Martin's Press, _c1956. |
||
| 300 |
_aviii, 541 p. : _bport. ; _c23 cm. |
||
| 504 | _aBibliographical footnotes. | ||
| 505 | 0 | _aOliver Cromwell and his parliaments, by H. R. Trevor-Roper.--The city of London in eighteenth-century politics, by L. Sutherland.--A London West-India merchant house, 1740-1769, by R. Pares.--Letters from William Pitt to Lord Bute, 1755-1758, by R. Sedgwick.--A wine-merchant's letter-book, by Sir J. Fergusson of Kilkerran.--Horace Walpole, antiquary, by W. S. Lewis.--The stewardship of the Chiltern Hundreds, by B. Kemp.--The reporting and publishing of the House of Commons' debates, 1771-1834, by A. Aspinall.--English reform and French Revolution in the general election of 1830, by N. Gash.--The changes in parliamentary procedure, 1880-1882, by E. Hughes.--Aspects of Russian foreign policy, 1815-1914, by G. H. Bolsover.--Russia and Europe as a theme of Russian history, by E. H. Carr.--The intellectuals and revolution: social forces in Eastern Europe since 1848, by H. Seton-Watson.--Personality and diplomacy in Anglo-American relations, 1917, by S. Morison.--The war aims of the Allies in the First World War, by A. J. P. Taylor.--Men of tragic destiny: Ludendorf and Groener, by J. W. Wheeler-Bennett. | |
| 650 | 0 |
_aHistory, Modern. _975563 |
|
| 700 | 1 |
_aNamier, L. B. _q(Lewis Bernstein), _d1888-1960. _975564 |
|
| 700 | 1 |
_aTaylor, A. J. P. _q(Alan John Percivale), _d1906-1990, _ejoint ed. _972994 |
|
| 942 |
_2ddc _cBK |
||
| 999 |
_c24552 _d24552 |
||